00942nam a22002532 4500001001100000005001700011008004100028020002600069040001500095050002200110100002900132245006100161250002000222260004800242300002600290650002300316650003900339650003300378908001100411950000600422999001500428952012600443952011900569000000294720151217145731.0070424s xx 000 0 eng d a8122409415 :cKES 480 aKABUcKABU 0aHG221b.V357 19961 aVaish, M. C.@000015248310aMoney, banking, trade and public finance /cM. C. Vaish. a3rd updated ed. aNew Delhi :bNew Age International,cc1996. axvi, 782 p. ;c22 cm. 0aMoney.@0000152427 0aInternational finance.@0000149975 0aFinance, Public.@0000152484 a070424 @1 c2059d2059 00102lcc70aKNTCbKNTCd2015-12-17l4m1oHG221 .V357 1996 c.1p005287r2022-08-23 00:00:00s2019-08-26w2015-12-17yBK 00102lcc70aKABUbKABUd2015-12-17l3oHG221 .V357 1996p005286r2021-03-30 00:00:00s2021-03-12w2015-12-17yBK